Northanger Abbey; (Record no. 48103)

000 -LEADER
fixed length control field 01260cam a2200373 4500
001 - CONTROL NUMBER
control field 4548237
003 - CONTROL NUMBER IDENTIFIER
control field Nust
005 - DATE AND TIME OF LATEST TRANSACTION
control field 20220831122606.0
008 - FIXED-LENGTH DATA ELEMENTS--GENERAL INFORMATION
fixed length control field 711214s1971 enk b 000 1 eng
010 ## - LIBRARY OF CONGRESS CONTROL NUMBER
LC control number 70870112
015 ## - NATIONAL BIBLIOGRAPHY NUMBER
National bibliography number B71-22253
020 ## - INTERNATIONAL STANDARD BOOK NUMBER
International Standard Book Number 1853260436 (pbk)
Terms of availability Rs. 340
038 ## - RECORD CONTENT LICENSOR
Staff Name Arshad
040 ## - CATALOGING SOURCE
Original cataloging agency DLC
Transcribing agency DLC
Modifying agency DLC
050 00 - LIBRARY OF CONGRESS CALL NUMBER
Classification number PZ3.A93
Item number N40
Classification number PR4034.N7
082 00 - DEWEY DECIMAL CLASSIFICATION NUMBER
Classification number 823
Author Mark AUS
100 1# - MAIN ENTRY--PERSONAL NAME
Personal name Austen, Jane,
Dates associated with a name 1775-1817.
9 (RLIN) 3693
245 10 - TITLE STATEMENT
Title Northanger Abbey;
Remainder of title and, Persuasion;
Statement of responsibility, etc. edited with an introduction by John Davie; textual notes and bibliography by James Kinsley.
260 ## - PUBLICATION, DISTRIBUTION, ETC.
Place of publication, distribution, etc. London,
-- New York,
Name of publisher, distributor, etc. Oxford University Press,
Date of publication, distribution, etc. 1993.
300 ## - PHYSICAL DESCRIPTION
Extent xxii, 179 p.
Dimensions 21 cm.
490 0# - SERIES STATEMENT
Series statement Oxford English novels
504 ## - BIBLIOGRAPHY, ETC. NOTE
Bibliography, etc. note Bibliography: p. [xxiii]-xxv.
650 #0 - SUBJECT ADDED ENTRY--TOPICAL TERM
Topical term or geographic name entry element Horror tales
General subdivision Appreciation
Form subdivision Fiction.
9 (RLIN) 11641
650 #0 - SUBJECT ADDED ENTRY--TOPICAL TERM
Topical term or geographic name entry element Books and reading
Form subdivision Fiction.
9 (RLIN) 1080
650 #0 - SUBJECT ADDED ENTRY--TOPICAL TERM
Topical term or geographic name entry element Young women
Form subdivision Fiction.
9 (RLIN) 3694
651 #0 - SUBJECT ADDED ENTRY--GEOGRAPHIC NAME
Geographic name England
Form subdivision Fiction.
9 (RLIN) 1072
655 #7 - INDEX TERM--GENRE/FORM
Genre/form data or focus term Gothic fiction.
Source of term gsafd
9 (RLIN) 10041
655 #7 - INDEX TERM--GENRE/FORM
Genre/form data or focus term Love stories.
Source of term gsafd
9 (RLIN) 418
655 #7 - INDEX TERM--GENRE/FORM
Genre/form data or focus term Satire.
Source of term lcsh
9 (RLIN) 7757
700 12 - ADDED ENTRY--PERSONAL NAME
Personal name Austen, Jane,
Dates associated with a name 1775-1817.
Title of a work Persuasion.
9 (RLIN) 11642
740 0# - ADDED ENTRY--UNCONTROLLED RELATED/ANALYTICAL TITLE
Uncontrolled related/analytical title Persuasion.
906 ## - LOCAL DATA ELEMENT F, LDF (RLIN)
a 7
b cbc
c orignew
d 3
e ncip
f 19
g y-gencatlg
942 ## - ADDED ENTRY ELEMENTS (KOHA)
Source of classification or shelving scheme
Koha item type Book
Holdings
Withdrawn status Lost status Source of classification or shelving scheme Damaged status Not for loan Permanent Location Current Location Shelving location Date acquired Total Checkouts Total Renewals Full call number Barcode Date last seen Date last checked out Copy number Price effective from Koha item type
          Central Library (CL) Central Library (CL) Children Section 01/09/2017 2 1 823 AUS CL791 09/25/2025 03/21/2025 1 01/09/2017 Book
© 2023 Central Library, National University of Sciences and Technology. All Rights Reserved.